| 000 | 00402cam a2200145ua 4500 | ||
|---|---|---|---|
| 020 | _a9788125911425 | ||
| 082 |
_a660.284 _bSAH/UN |
||
| 100 |
_aSahay, K M. _9851 |
||
| 245 | _aUnit operations of agricultural processing / | ||
| 250 | _a2 / 2nd Rev and enlaeged | ||
| 260 |
_aNew Delhi : _bVikas Publishing House Pvt Ltd , _c2014. |
||
| 300 | _a374 ; . | ||
| 700 | 1 |
_aSingh, K.K . _9852 |
|
| 942 | _cBK | ||
| 999 |
_c11497 _d11497 |
||